[Event "Invitation"]
[Site "http://www.queenalice.com/game.php?id=478968"]
[Date "2008.10.18"]
[Round "-"]
[White "UncleJink"]
[Black "Zezine"]
[Result "1-0"]
[WhiteElo "1100"]
[BlackElo "1500"]

1. c4 e5 2. Nc3 Bc5 3. Nf3 d6 4. e3 Bg4 5. h3 Bh5 6. g4 Bg6 7. Bg2 Nc6 8. O-O
Nf6 9. d4 exd4 10. exd4 Bb6 11. Nh4 Qd7 12. g5 Nh5 13. Nxg6 fxg6 14. Re1+ Kf7
15. Bd5+ Kf8 16. Be6 Qd8 17. Qf3+ Nf6 18. gxf6 gxf6 19. Bh6+ Ke8 20. Bd5+ Kd7
21. Qg4+ f5 22. Be6+ Ke8 23. Bxf5+ Kf7 24. Bxg6+ 1-0

[Event "Invitation"]
[Site "http://www.queenalice.com/game.php?id=478969"]
[Date "2008.10.18"]
[Round "-"]
[White "Zezine"]
[Black "UncleJink"]
[Result "1-0"]
[WhiteElo "1500"]
[BlackElo "1100"]

1. g3 d5 2. d4 e6 3. Nf3 Bd6 4. Nc3 Nf6 5. Bg2 Bb4 6. O-O Ne4 7. Ne5 Nxc3 8.
bxc3 Bxc3 9. Rb1 f6 10. Nf3 Nc6 11. e3 b6 12. Ba3 a5 13. Qd3 Bb4 14. Bxb4 axb4
15. Rb2 Bd7 16. Rfb1 O-O 17. c4 Ra3 18. Qc2 Rc3 19. Qd2 Rxc4 20. Bf1 Na5 21.
Bxc4 Nxc4 22. Qxb4 Nxb2 23. Rxb2 Qe8 24. Qc3 Qh5 25. Qxc7 Ba4 26. Kg2 Bd1 27.
Ng1 Qf5 28. Rxb6 Qe4+ 29. Kf1 h5 30. Qf4 Qd3+ 31. Kg2 e5 32. dxe5 fxe5 33. Qxe5
Qc4 34. Rb8 Qc6 35. Rxf8+ Kxf8 36. Nf3 d4 37. Qf4+ Kg8 38. exd4 Qa4 39. Qb8+ Kh7
40. Qb2 Qa8 41. Qb1+ g6 42. Qxd1 g5 43. Kg1 g4 44. Ne5 Qxa2 45. d5 1-0

[Event "Invitation"]
[Site "http://www.queenalice.com/game.php?id=482252"]
[Date "2008.10.24"]
[Round "-"]
[White "Zezine"]
[Black "UncleJink"]
[Result "1-0"]
[WhiteElo "1500"]
[BlackElo "1100"]

1. e4 e5 2. Nf3 Nc6 3. Bb5 Nf6 4. d3 Na5 5. Nxe5 Bd6 6. f4 c6 7. Bc4 Nxc4 8.
dxc4 Nxe4 9. Qd4 f6 10. Nxc6 dxc6 11. Qxe4+ Qe7 12. Qxe7+ Bxe7 13. Be3 Bf5 14.
c3 O-O 15. O-O a6 16. Nd2 Rae8 17. Nf3 Bd8 18. Kf2 Rxe3 19. Kxe3 Re8+ 20. Kf2
Bb6+ 21. Kg3 Bd3 22. Rfe1 Rxe1 23. Rxe1 Bxc4 24. Re7 h5 25. Rxb7 Be3 26. b3 Bd3
27. c4 g5 28. fxg5 fxg5 29. h4 Bf4+ 30. Kf2 g4 31. Nd4 Be4 32. g3 Be5 33. Ne2
Bd6 34. Nf4 Bf3 35. b4 Be5 36. Ke3 c5 37. Re7 Bd4+ 38. Kd3 Bf2 39. Nxh5 cxb4 40.
Re6 a5 41. Ra6 Bg2 42. Ke2 Bd4 43. Rxa5 Kh7 44. Rb5 Bc3 45. Ke3 Kg6 46. Nf4+ Kf7
47. Nxg2 1-0

[Event "Challenge"]
[Site "http://www.queenalice.com/game.php?id=484294"]
[Date "2008.10.28"]
[Round "-"]
[White "UncleJink"]
[Black "Zezine"]
[Result "0-1"]
[WhiteElo "1100"]
[BlackElo "1500"]

1. b3 e5 2. Nc3 d5 3. d4 Bb4 4. Bd2 Nf6 5. Na4 Bxd2+ 6. Qxd2 Ne4 7. Qe3 exd4 8.
Qxd4 O-O 9. f3 Nc6 10. Qe3 Qh4+ 11. g3 Nxg3 12. Qf2 Qf6 13. O-O-O Nxh1 14. Qg2
Qa1+ 15. Kd2 Qd4+ 16. Ke1 Qh4+ 17. Kd2 Nf2 18. Rb1 Nb4 19. e3 Bf5 20. a3 Nxc2
21. Rc1 Nxa3 22. Nc3 d4 23. Nd5 c6 24. e4 Bxe4 25. fxe4 Nxe4+ 26. Kd1 Rae8 27.
Nf3 Qh6 28. Qb2 cxd5 29. Qxd4 Rc8 30. Ra1 Nc3+ 31. Qxc3 Rxc3 32. Be2 Re8 33.
Rxa3 Qc1# 0-1

[Event "Challenge"]
[Site "http://www.queenalice.com/game.php?id=484295"]
[Date "2008.10.28"]
[Round "-"]
[White "Zezine"]
[Black "UncleJink"]
[Result "1-0"]
[WhiteElo "1500"]
[BlackElo "1100"]

1. f4 d5 2. Nf3 Nf6 3. b3 Nc6 4. Ba3 g6 5. e3 Bf5 6. Bd3 Bxd3 7. cxd3 d4 8. O-O
Nd5 9. Bb2 Ndb4 10. Nxd4 f6 11. Ne6 Qxd3 12. Nxc7+ Kd7 13. Nxa8 Nc2 14. Qg4+ Kd8
15. f5 Nxa1 16. Bxa1 gxf5 17. Qxf5 Qxf5 18. Rxf5 Ne5 19. Bxe5 fxe5 20. Rxe5 Bg7
21. Rc5 b6 22. Rc4 Kd7 23. Rc7+ Kd6 24. Rxa7 Rc8 25. Nc3 h5 26. Nxb6 Rc6 27.
Nc4+ Ke6 28. Ra5 Kf6 29. Rxh5 Kg6 30. g4 Rc8 31. a4 Bf6 32. a5 e5 33. Nxe5+ Kg7
34. b4 Bxe5 35. Rxe5 1-0

[Event "Challenge"]
[Site "http://www.queenalice.com/game.php?id=485449"]
[Date "2008.10.30"]
[Round "-"]
[White "UncleJink"]
[Black "Zezine"]
[Result "0-1"]
[WhiteElo "1100"]
[BlackElo "1500"]

1. e4 e5 2. Nf3 Nc6 3. Bc4 Nf6 4. Nc3 Bb4 5. a3 Ba5 6. Ng5 O-O 7. d3 d5 8. b4
dxc4 9. bxa5 cxd3 10. cxd3 Nd4 11. O-O h6 12. Nf3 Bg4 13. Qa4 Bxf3 14. gxf3
Nxf3+ 15. Kh1 Qxd3 16. Bb2 Ng4 17. Rad1 Qa6 18. Nd5 Rad8 19. Nxc7 Qg6 20. Rxd8
Rxd8 21. Nd5 Qh5 22. Rd1 Qxh2# 0-1

[Event "Challenge"]
[Site "http://www.queenalice.com/game.php?id=485451"]
[Date "2008.10.30"]
[Round "-"]
[White "UncleJink"]
[Black "Zezine"]
[Result "1-0"]
[WhiteElo "1100"]
[BlackElo "1500"]

1. e4 e5 2. Nc3 Nf6 3. Nf3 Nc6 4. Bc4 Bc5 5. Ng5 O-O 6. d3 Ne7 7. Qf3 h6 8. Nh3
d5 9. exd5 Bxh3 10. Qxh3 Bb4 11. O-O Bxc3 12. bxc3 Nexd5 13. Re1 Qd6 14. d4 Nxc3
15. Qxc3 exd4 16. Qf3 Qb4 17. Qe2 Rae8 18. Bd2 Rxe2 19. Bxb4 Rxe1+ 20. Rxe1 Re8
21. Rxe8+ Nxe8 22. Bc5 Nd6 23. Bd3 b6 24. Bxd4 1-0

[Event "Zezine is dead meat"]
[Site "http://www.queenalice.com/game.php?id=494890"]
[Date "2008.11.18"]
[Round "-"]
[White "UncleJink"]
[Black "Zezine"]
[Result "0-1"]
[WhiteElo "1100"]
[BlackElo "1544"]

1. e4 e5 2. Nf3 Nc6 3. Nc3 Bc5 4. Na4 Be7 5. c3 d6 6. d4 exd4 7. Nxd4 Nf6 8.
Nxc6 bxc6 9. Be2 Nxe4 10. Bf3 d5 11. O-O Nf6 12. Re1 O-O 13. Bg5 h6 14. Bh4 Re8
15. b4 a5 16. Bxf6 Bxf6 17. Rb1 axb4 18. cxb4 Rxe1+ 19. Qxe1 Rxa4 20. a3 Rxa3
21. b5 cxb5 22. Qb4 Bf5 23. Qxa3 Bxb1 24. Qb3 Be4 25. Qxb5 Bxf3 26. gxf3 d4 27.
Qd3 c5 28. Kg2 Qd5 29. Kg3 Qg5+ 30. Kh3 Be5 31. f4 Qh5+ 32. Kg2 Bxf4 33. h3 g5
34. Kf1 g4 35. hxg4 Qxg4 0-1

[Event "Challenge"]
[Site "http://www.queenalice.com/game.php?id=494891"]
[Date "2008.11.18"]
[Round "-"]
[White "Zezine"]
[Black "UncleJink"]
[Result "1-0"]
[WhiteElo "1544"]
[BlackElo "1100"]

1. c4 e5 2. Nc3 Nf6 3. e4 Nc6 4. Nf3 Bd6 5. d4 exd4 6. Nxd4 Nxd4 7. Qxd4 Qe7 8.
Bd2 Be5 9. Qe3 c6 10. Be2 Qd6 11. h3 O-O 12. f4 Bxf4 13. Qxf4 Qxf4 14. Bxf4 g6
15. O-O Nh5 16. Bxh5 gxh5 17. e5 b6 18. Ne4 Ba6 19. Bh6 Rfd8 20. Nd6 Rab8 21.
Rxf7 Bxc4 22. Rg7+ Kf8 23. Nxc4 Re8 24. Rxd7+ Kg8 25. Rf1 Re6 26. Bg5 b5 27.
Rff7 bxc4 28. Bf6 Rf8 29. Rg7+ 1-0

[Event "Challenge"]
[Site "http://www.queenalice.com/game.php?id=494896"]
[Date "2008.11.18"]
[Round "-"]
[White "Zezine"]
[Black "UncleJink"]
[Result "1-0"]
[WhiteElo "1544"]
[BlackElo "1100"]

1. Nf3 Nc6 2. Nc3 e5 3. d4 exd4 4. Nxd4 Qf6 5. Nxc6 Qxc6 6. Qd4 d6 7. e4 a6 8.
Bc4 Ne7 9. O-O d5 10. exd5 Qg6 11. Bd3 Bf5 12. Bxf5 Nxf5 13. Qa4+ b5 14. Nxb5
Qb6 15. Nxc7+ 1-0

[Event "Challenge"]
[Site "http://www.queenalice.com/game.php?id=494897"]
[Date "2008.11.18"]
[Round "-"]
[White "UncleJink"]
[Black "Zezine"]
[Result "1/2-1/2"]
[WhiteElo "1100"]
[BlackElo "1544"]

1. e4 e5 2. Nc3 Nf6 3. d4 exd4 4. Qxd4 Nc6 5. Qd2 Bb4 6. a3 Nxe4 7. Qe3 Bxc3+ 8.
bxc3 Qe7 9. Ne2 Nf6 10. Qg5 O-O 11. Bb2 Qe5 12. Qxe5 Nxe5 13. Nf4 Re8 14. O-O-O
c6 15. c4 Ne4 16. Nh3 d6 17. f3 Bxh3 18. fxe4 Be6 19. Bxe5 dxe5 20. Be2 Rad8 21.
c5 f5 22. exf5 Bxf5 23. g4 Bg6 24. Bc4+ Kh8 25. Rhf1 Rxd1+ 26. Rxd1 h5 27. gxh5
Bxh5 28. Rd7 b5 29. cxb6 axb6 30. Ba6 Re6 31. Rb7 c5 32. Bc4 Rf6 33. a4 Bf3 34.
Rb8+ Kh7 35. Re8 e4 36. Kd2 g5 37. Ke3 g4 38. Bd5 Rh6 39. Bxe4+ Bxe4 40. Rxe4
Rxh2 41. Kd3 g3 42. Rg4 g2 43. Ke3 c4 44. Kf3 Kh6 45. Rxg2 Rxg2 46. Kxg2 Kg5 47.
Kf3 Kf5 48. Ke3 Ke5 49. Kd2 Kd4 50. c3+ Kc5 51. Kc2 Kc6 52. Kb2 Kb7 53. Ka3 Ka7
54. Kb4 Ka6 55. Kxc4 Ka5 56. Kb3 b5 57. axb5 Kxb5 58. c4+ Kc6 59. Kb4 Kb6 60.
c5+ Kc7 61. Kb5 Kb7 62. c6+ Kc8 63. Kb6 Kb8 64. c7+ 1/2-1/2

[Event "Challenge"]
[Site "http://www.queenalice.com/game.php?id=498412"]
[Date "2008.11.26"]
[Round "-"]
[White "Zezine"]
[Black "UncleJink"]
[Result "1-0"]
[WhiteElo "1544"]
[BlackElo "1100"]

1. e4 Nc6 2. d4 d5 3. e5 Bf5 4. Nf3 e6 5. Bb5 Ne7 6. Bg5 f6 7. exf6 gxf6 8. Bxf6
Rg8 9. Bxe7 Qxe7 10. Bxc6+ bxc6 11. Qd2 Rxg2 12. Rg1 Rxg1+ 13. Nxg1 e5 14. Qe3
exd4 15. Qxe7+ Bxe7 16. Nf3 Bb4+ 17. c3 dxc3 18. Nxc3 Ba5 19. Nd4 Bd7 20. O-O-O
O-O-O 21. Na4 Bb4 22. a3 c5 23. axb4 cxd4 24. Nc5 Rf8 25. Rd2 Bb5 26. Ne6 Re8
27. Nxd4 Ba4 28. Re2 Re4 29. Rxe4 dxe4 30. Kd2 Be8 31. h4 Bf7 32. Ke3 Bd5 33.
Kf4 Kb7 34. Ke5 c6 35. h5 h6 36. Nf5 Kb6 37. Kd4 Kb5 38. Kc3 a5 39. bxa5 Kxa5
40. Nxh6 Kb5 41. Ng4 Kc5 42. h6 1-0

[Event "Challenge"]
[Site "http://www.queenalice.com/game.php?id=502014"]
[Date "2008.12.3"]
[Round "-"]
[White "UncleJink"]
[Black "Zezine"]
[Result "0-1"]
[WhiteElo "1100"]
[BlackElo "1544"]

1. e4 e5 2. Nf3 Nc6 3. Bb5 a6 4. Bxc6 dxc6 5. Nc3 Bg4 6. h3 Bh5 7. g4 Bg6 8.
Nxe5 Qd4 9. Nxg6 fxg6 10. d3 Bb4 11. Bd2 Nf6 12. a3 Ba5 13. b4 Bb6 14. Ne2 Qxf2#
0-1

[Event "Challenge"]
[Site "http://www.queenalice.com/game.php?id=503720"]
[Date "2008.12.6"]
[Round "-"]
[White "UncleJink"]
[Black "Zezine"]
[Result "0-1"]
[WhiteElo "1100"]
[BlackElo "1544"]

1. Nf3 Nc6 2. e4 e5 3. Bc4 Nf6 4. Ng5 d5 5. exd5 Nxd5 6. Qf3 Be6 7. Nxe6 fxe6 8.
Nc3 Nd4 9. Qe4 c6 10. a4 Nf6 11. Qd3 Bc5 12. Ne2 e4 13. Qc3 Nd5 14. Bxd5 Qxd5
15. Nxd4 Bxd4 16. Qg3 O-O 17. O-O Rf5 18. d3 exd3 19. cxd3 Raf8 20. Bh6 Rxf2 21.
Rxf2 Bxf2+ 0-1

[Event "Challenge"]
[Site "http://www.queenalice.com/game.php?id=504758"]
[Date "2008.12.8"]
[Round "-"]
[White "Zezine"]
[Black "UncleJink"]
[Result "0-1"]
[WhiteElo "1544"]
[BlackElo "1100"]

1. f4 Nc6 2. Nf3 e6 3. e3 Nf6 4. Nc3 d5 5. Bb5 Bd7 6. b3 a6 7. Bxc6 Bxc6 8. Ne5
Ne4 9. Nxe4 dxe4 10. Bb2 f6 11. Qh5+ g6 12. Nxg6 Qd5 13. Nxh8+ Qxh5 14. Bxf6 Be7
15. Bc3 O-O-O 16. O-O Rg8 17. Rf2 Be8 18. g3 Qh6 19. f5 Bf6 20. Bxf6 Qxf6 21.
fxe6 Qxa1+ 0-1

[Event "Challenge"]
[Site "http://www.queenalice.com/game.php?id=505180"]
[Date "2008.12.9"]
[Round "-"]
[White "UncleJink"]
[Black "Zezine"]
[Result "0-1"]
[WhiteElo "1100"]
[BlackElo "1544"]

1. e4 e5 2. Nf3 Nc6 3. Bc4 Nf6 4. d4 exd4 5. Nxd4 Nxe4 6. Nxc6 bxc6 7. Bb3 Ba6
8. Nd2 Qe7 9. Nc4 Nc3+ 10. Ne3 Nxd1 11. Kxd1 Qf6 12. Re1 O-O-O 13. c3 d5 14. Ng4
Qf5 15. f3 Bc4 16. Ne5 Re8 17. Nxc4 Rxe1+ 18. Kxe1 dxc4 19. Bxc4 Qe5+ 20. Be2
Bd6 21. h3 Re8 0-1

[Event "Challenge"]
[Site "http://www.queenalice.com/game.php?id=505972"]
[Date "2008.12.11"]
[Round "-"]
[White "UncleJink"]
[Black "Zezine"]
[Result "1-0"]
[WhiteElo "1100"]
[BlackElo "1544"]

1. e4 e5 2. Nf3 Nc6 3. Nc3 Bc5 4. Nd5 Nf6 5. c3 Nxe4 6. d4 exd4 7. cxd4 Bb6 8.
Bf4 d6 9. Qe2 Ba5+ 10. Bd2 Bf5 11. Bxa5 Nxa5 12. b4 Nc6 13. g3 O-O 14. O-O-O Bg4
15. Qxe4 Be6 16. Bd3 Re8 17. Qxh7+ Kf8 18. Qh8# 1-0

[Event "Challenge"]
[Site "http://www.queenalice.com/game.php?id=506450"]
[Date "2008.12.12"]
[Round "-"]
[White "Zezine"]
[Black "UncleJink"]
[Result "0-1"]
[WhiteElo "1544"]
[BlackElo "1100"]

1. b3 c5 2. c4 Nc6 3. Nf3 e5 4. Nc3 Nf6 5. d3 d6 6. Bg5 Be7 7. Bxf6 Bxf6 8. Nd5
O-O 9. g3 Nb4 10. Nd2 Qa5 11. Nxf6+ gxf6 12. Bg2 Nc6 13. O-O Qd8 14. e3 Bf5 15.
Be4 Qd7 16. f4 Bg4 17. Bf3 Bxf3 18. Rxf3 exf4 19. Rxf4 f5 20. Qh5 f6 21. Rxf5
Rae8 22. Qg4+ Kh8 23. Ne4 Ne5 24. Qe2 Qxf5 25. Rf1 Qg6 26. Nxd6 Rd8 27. Nxb7
Qxd3 28. Qxd3 Rxd3 29. Nxc5 Rxe3 30. Kg2 Rd8 31. a4 Rd2+ 32. Kh3 Nf7 33. Rf5
Ng5+ 34. Kg4 Kg7 35. h4 Rd4+ 36. Rf4 Rxf4+ 37. Kxf4 Rf3+ 38. Kg4 Kg6 39. hxg5
Rf5 40. Ne4 fxg5 41. c5 h5+ 42. Kh3 g4+ 43. Kg2 Re5 44. Nd2 Re2+ 0-1

[Event "Challenge"]
[Site "http://www.queenalice.com/game.php?id=506622"]
[Date "2008.12.12"]
[Round "-"]
[White "Zezine"]
[Black "UncleJink"]
[Result "1-0"]
[WhiteElo "1544"]
[BlackElo "1100"]

1. e3 e5 2. d4 d5 3. dxe5 Nc6 4. Bb5 Bd7 5. Qxd5 Qg5 6. f4 Qf5 7. Bd3 Qg4 8. Nc3
Be6 9. Qf3 O-O-O 10. Qxg4 Bxg4 11. h3 Bh5 12. g4 Bg6 13. f5 Nxe5 14. fxg6 hxg6
15. Be2 g5 16. Nf3 Nc6 17. Nxg5 Nh6 18. Bd3 Be7 19. Nf3 Nxg4 20. b3 Rde8 21.
hxg4 Rxh1+ 22. Ke2 Reh8 23. Be4 Ne5 24. Nxe5 R8h2+ 25. Kd3 Rg1 26. Nf3 Rxc1 27.
Nxh2 Rxa1 28. Nf3 Bb4 29. a4 g6 30. Ne5 Rf1 31. Bd5 f5 32. g5 c6 33. Bf7 Be7 34.
Bxg6 Bxg5 35. e4 f4 36. Bh5 Kc7 37. Ne2 Rd1+ 38. Kc3 Bf6 39. Nd4 Bxe5 40. Bxd1
c5 41. Kc4 cxd4 42. Kd5 Bg7 43. e5 Bf8 44. e6 Kb6 45. Kxd4 Kc6 46. Ke5 Bd6+ 47.
Kf6 Kd5 48. e7 Bxe7+ 49. Kxe7 Ke4 50. Bg4 f3 51. Bh3 Ke3 52. c4 Kd4 53. Kd6 b6
54. Kc6 Kc3 55. Kb7 Kxb3 56. Bf1 Kxa4 57. Kxa7 Kb4 58. Kxb6 1-0

[Event "Challenge"]
[Site "http://www.queenalice.com/game.php?id=507185"]
[Date "2008.12.13"]
[Round "-"]
[White "UncleJink"]
[Black "Zezine"]
[Result "1-0"]
[WhiteElo "1100"]
[BlackElo "1544"]

1. Nc3 e5 2. Nf3 Nc6 3. e3 Bb4 4. Nd5 d6 5. Nxb4 Bg4 6. Nxc6 bxc6 7. h3 Bh5 8.
g4 Bg6 9. Bg2 Ne7 10. O-O f5 11. Ng5 Qd7 12. gxf5 Nxf5 13. Qg4 h5 14. Qf3 Nh4
15. Qxc6 Rd8 16. Qxd7+ Rxd7 17. Bc6 Bxc2 18. Bxd7+ Kxd7 19. f4 exf4 20. Rxf4 Nf5
21. e4 Ne7 22. Rf7 g6 23. b4 Bd3 24. Bb2 Re8 25. Bf6 Bc4 26. Rg7 a6 27. a3 c5
28. e5 dxe5 29. bxc5 Bb5 30. Bxe5 Kc6 31. Re1 Kd7 32. Bd6 1-0

[Event "1"]
[Site "http://www.queenalice.com/game.php?id=1559436"]
[Date "2019.2.3"]
[Round "-"]
[White "Zezine"]
[Black "UncleJink"]
[Result "1-0"]
[WhiteElo "1564"]
[BlackElo "1100"]

1. e4 e5 2. Bc4 Nh6 3. d4 Bd6 4. Bxh6 Qh4 5. Bxf7+ Kxf7 6. Qf3+ Ke8 7. Be3 Rf8
8. Qh3 Qxe4 9. c3 Qc2 10. Nd2 Qxb2 11. Rd1 Qxc3 12. Ne2 Qa5 13. Qh5+ g6 14. Qxh7
exd4 15. Qxg6+ Kd8 16. Bg5+ Be7 17. Bxe7+ 1-0

[Event "2"]
[Site "http://www.queenalice.com/game.php?id=1559437"]
[Date "2019.2.3"]
[Round "-"]
[White "UncleJink"]
[Black "Zezine"]
[Result "0-1"]
[WhiteElo "1100"]
[BlackElo "1566"]

1. e4 e5 2. Nf3 Nc6 3. d4 Bb4+ 4. c3 Bd6 5. dxe5 Bxe5 6. Qb3 d6 7. Ng5 Nh6 8. f4
Bf6 9. Bb5 O-O 10. Na3 Re8 11. O-O Be6 12. Qc2 a6 13. Be2 b5 14. e5 Bf5 15. Qb3
dxe5 16. Bf3 e4 17. Rd1 Qe7 18. Be2 Ng4 19. Bxg4 Bxg4 20. Rf1 Be2 21. Re1 Qc5+
22. Kh1 Bxg5 23. Rxe2 Qf5 24. Be3 Bh4 25. g3 Be7 26. Rf1 Rad8 27. Nc2 Bc5 28.
Bxc5 Qxc5 29. Ne3 Rd3 30. Rd1 Rxe3 31. Rd7 Re7 32. Qd1 Rxd7 33. Qxd7 Rxe2 34.
Qc8+ Qf8 35. Qxc7 Qd8 0-1

[Event "3"]
[Site "http://www.queenalice.com/game.php?id=1560664"]
[Date "2019.2.11"]
[Round "-"]
[White "Zezine"]
[Black "UncleJink"]
[Result "1-0"]
[WhiteElo "1568"]
[BlackElo "1100"]

1. f4 c5 2. e4 d6 3. Bc4 e6 4. Nf3 Nf6 5. d3 Bd7 6. Nc3 Nc6 7. O-O Be7 8. Be3
Ng4 9. Ne5 Ncxe5 10. Bd2 Nxc4 11. dxc4 Bf6 12. Qxg4 e5 13. f5 Qe7 14. Nd5 Qd8
15. Rf3 h5 16. Qh3 Bg5 17. Bxg5 Qxg5 18. Nc7+ Ke7 19. Nxa8 Rxa8 20. Raf1 f6 21.
Rg3 Qh6 22. Rg6 Qd2 23. Rxg7+ Kd8 24. Rg8+ Be8 25. Qxh5 Kc7 26. Rxe8 Rd8 27.
Rxd8 Kxd8 28. Qh8+ Kc7 29. Qxf6 Qe3+ 30. Kh1 Kc6 31. Qh4 Qe2 32. Qf2 Qxc4 33. f6
1-0